Lesser Flamingos Descendants of Phoenix /

This book provides insights into the fascinating life of the Lesser Flamingo (Phoeniconaias minor) and describes how this enigmatic bird has adapted to the extreme conditions of tropical soda lakes and can even withstand the caustic effects of brine. However, humans are increasingly disrupting the n...

Full description

Bibliographic Details
Main Author: Krienitz, Lothar (Author, http://id.loc.gov/vocabulary/relators/aut)
Corporate Author: SpringerLink (Online service)
Format: Electronic eBook
Language:English
Published: Berlin, Heidelberg : Springer Berlin Heidelberg : Imprint: Springer, 2018.
Edition:1st ed. 2018.
Subjects:
Online Access:Full Text via HEAL-Link
LEADER 03589nam a2200529 4500
001 978-3-662-58163-6
003 DE-He213
005 20191023111625.0
007 cr nn 008mamaa
008 181230s2018 gw | s |||| 0|eng d
020 |a 9783662581636  |9 978-3-662-58163-6 
024 7 |a 10.1007/978-3-662-58163-6  |2 doi 
040 |d GrThAP 
050 4 |a QH1-278.5 
072 7 |a PDZ  |2 bicssc 
072 7 |a SCI008000  |2 bisacsh 
072 7 |a PDZ  |2 thema 
082 0 4 |a 570  |2 23 
100 1 |a Krienitz, Lothar.  |e author.  |4 aut  |4 http://id.loc.gov/vocabulary/relators/aut 
245 1 0 |a Lesser Flamingos  |h [electronic resource] :  |b Descendants of Phoenix /  |c by Lothar Krienitz. 
250 |a 1st ed. 2018. 
264 1 |a Berlin, Heidelberg :  |b Springer Berlin Heidelberg :  |b Imprint: Springer,  |c 2018. 
300 |a XV, 244 p. 102 illus., 99 illus. in color.  |b online resource. 
336 |a text  |b txt  |2 rdacontent 
337 |a computer  |b c  |2 rdamedia 
338 |a online resource  |b cr  |2 rdacarrier 
347 |a text file  |b PDF  |2 rda 
505 0 |a Part I. The Actors -- Chapter 1. The Lesser Flamingo -- Chapter 2. The algae -- Chapter 3. The Firebird Phoenix -- Chapter 4. The Human -- Part II. The Scenes -- Chapter 5. East Africa - Hub of the Unresting Lesser Flamingo -- Chapter 6. Southern Africa - Call of the Flamingo Feather -- Chapter 7. India - Flamingo Bridgework to Asia. . 
520 |a This book provides insights into the fascinating life of the Lesser Flamingo (Phoeniconaias minor) and describes how this enigmatic bird has adapted to the extreme conditions of tropical soda lakes and can even withstand the caustic effects of brine. However, humans are increasingly disrupting the natural cycles of these wetlands, and for these pink birds characteristic of these salt lakes, it is becoming more and more difficult to find suitable habitats, food and breeding grounds. Their fate is considered a cautionary example of man's dealings with nature. Will the Lesser Flamingo survive in a man-made world? Flamingos are considered to be an embodiment of the Phoenix, and the author interweaves his personal experiences with and observations of the flamingos' unusual habitats with the Phoenix motif in order to stimulate reflection on the circle of life. Written in an accessible style that combines science, biological information and the author's own travels and fieldwork, the book also includes a wealth of captivating images. As such, it offers a unique resource for biologists and nature-loving Africa and Asia enthusiasts alike. 
650 0 |a Life sciences. 
650 0 |a Zoology. 
650 0 |a Animal ecology. 
650 0 |a Nature conservation. 
650 0 |a Conservation biology. 
650 0 |a Ecology . 
650 1 4 |a Popular Life Sciences.  |0 http://scigraph.springernature.com/things/product-market-codes/Q25000 
650 2 4 |a Zoology.  |0 http://scigraph.springernature.com/things/product-market-codes/L25007 
650 2 4 |a Animal Ecology.  |0 http://scigraph.springernature.com/things/product-market-codes/L19015 
650 2 4 |a Nature Conservation.  |0 http://scigraph.springernature.com/things/product-market-codes/U26008 
650 2 4 |a Conservation Biology/Ecology.  |0 http://scigraph.springernature.com/things/product-market-codes/L19150 
710 2 |a SpringerLink (Online service) 
773 0 |t Springer eBooks 
776 0 8 |i Printed edition:  |z 9783662581629 
776 0 8 |i Printed edition:  |z 9783662581643 
856 4 0 |u https://doi.org/10.1007/978-3-662-58163-6  |z Full Text via HEAL-Link 
912 |a ZDB-2-SBL 
950 |a Biomedical and Life Sciences (Springer-11642)